000
00260 a2200097 4500
001
51743
100
_a
Association of Project Management
245
_a
Closing the Caps in Project Management Systems
260
_a
London
_b
Butterworths
_c
090
_c
32726
_d
32726
942
_a
NUST-CAE
_c
M
_c
25254
999
_c
286816
_d
286816